000 00661nam a2200229 i 4500
001 C2-0298160
003 PPAK
005 20180728080309.0
008 090527s2004 ii a|||| ||||| | tam d
040 _aPPAK
_beng
_cPPAK
_erda
082 0 4 _a894.8113
_223
090 0 0 _a894.8113
_bKUR
_dK
100 0 _aKural Nyani Ku. Moganarasu,
_eauthor
245 1 0 _aSirivar kural neri kathaikal
264 1 _aChennai, India :
_bPrema Pathippagam ,
_c2004
300 _a112 pages :
_billustrations ;
_c18 cm
336 _2rdacontent
_atext
337 _2rdamedia
_aunmediated
338 _2rdacarrier
_avolume
650 1 0 _aChildren's stories, Tamil
942 _ddc
_cB
999 _c102504
_d102504